000 00511nam a22001937a 4500
003 OSt
005 20140310182845.0
008 130611t xxu||||| |||| 00| 0 eng d
050 _aBQ 860
_b.St887 1978
082 _aHS 294.363
_bSt7 1978
245 _aThe story of Buddha /
260 _aNew Delhi :
_bHemkunt Press,
_cc1978.
300 _a118 p. :
_bsome col. ill. ;
_c21 cm.
541 _j1
562 _e1
650 _aGautama Buddha.
_916110
650 _aBuddha.
_916111
942 _2lcc
_cHS
999 _c16909
_d16909